000 00240nam a2200097Ia 4500
001 929307
005 20250826191652.0
008 250824s9999 xx 000 0 und d
245 0 _aBAMBAŞKA/B4
_cKAHRAMAN TAZEOĞLU
260 _bDESTEK YAYINLARI
999 _c929307
_d929307